000 00299nam a22001337a 4500
008 170830b xxu||||| |||| 00| 0 eng d
020 _a0205491464
041 _aeng
080 _a070
100 _a40
101 _aMED
245 _aESSENTIAL OF HUMAN COMMUNICATION
_cDEVITO,J.A
942 _2udc
_cBK
999 _c25642
_d25642